书目信息 |
| 题名: |
政治学概要
|
|
| 作者: | 王邦生 著 | |
| 分册: | ||
| 出版信息: | 上海 复旦大学出版社 1986 |
|
| 页数: | 448页 | |
| 开本: | 19cm | |
| 丛书名: | ||
| 单 册: | ||
| 中图分类: | D0 | |
| 科图分类: | ||
| 主题词: | 政治理论 | |
| 电子资源: | ||
| ISBN: | ||
| 000 | 00592nam0 2200229 45 | |
| 001 | 0186020037 | |
| 005 | 20050602082932.1 | |
| 010 | @dCNY2.00 | |
| 091 | @a3253.006 | |
| 100 | @a19900802d1986 em y0chiy0121 ea | |
| 101 | 0 | @achi |
| 102 | @aCN@b310000 | |
| 105 | @ay z 000yy | |
| 200 | 10 | @a政治学概要@Azheng zhi xue gai yao@f王邦生著@FWang Bang Sheng Zhu |
| 210 | @a上海@c复旦大学出版社@d1986 | |
| 215 | @a448页@d19cm | |
| 606 | @a政治理论 | |
| 690 | @aD0@v3 | |
| 701 | 0 | @a王邦生@4著 |
| 801 | 0 | @aCN@b深圳图书馆@c20040505 |
| 801 | 2 | @aCN@bNLC@c20040505 |
| 905 | @dD0@e48@f1@b158344 | |
| 政治学概要/王邦生著.-上海:复旦大学出版社,1986 |
| 448页;19cm |
| ISBN :CNY2.00 |
| ● |
| 相关链接 |
|
|
|
|
正题名:政治学概要
索取号:D0/48
 
预约/预借
| 序号 | 登录号 | 条形码 | 馆藏地/架位号 | 状态 | 备注 |
| 1 | 0158342 | 001022075 | 密集书库/ [索取号:D0/48] | 在馆 | |
| 2 | 0158343 | 001022084 | 密集书库/ [索取号:D0/48] | 在馆 | |
| 3 | 0158344 | 002044326 | 第一样本阅览室/ [索取号:D0/48] | 在馆 |